Normal view
MARC view
- Ali, Moi
Entry Personal Name
001 - CONTROL NUMBER
- control field: 106949
003 - CONTROL NUMBER IDENTIFIER
- control field: NUST
005 - DATE AND TIME OF LATEST TRANSACTION
- control field: 20230118113140.0
008 - FIXED-LENGTH DATA ELEMENTS
- fixed length control field: 230118|| aca||aabn | a|a d
040 ## - CATALOGING SOURCE
- Original cataloging agency: NUST
- Transcribing agency: NUST
100 ## - HEADING--PERSONAL NAME
- Personal name: Ali, Moi
670 ## - SOURCE DATA FOUND
- Source citation: Work cat.: (NUST): Ali, Moi, Managing for Excellence /, 2001
